| 000 | 00351nam a22001577a 4500 | ||
|---|---|---|---|
| 003 | SGT | ||
| 020 | _a9788175348851 | ||
| 082 | _a346.484,VEN | ||
| 100 | _aVENKATRAMAN, SRIKANTH. | ||
| 245 | _aUNDERSTANDING DESIGNS ACT | ||
| 250 | _a1ST | ||
| 260 |
_aNEW DELHI _bUNIVERSAL BOOK _c2010 |
||
| 300 | _a424 | ||
| 650 | _aDESIGNS ACT | ||
| 942 |
_2ddc _cBK _02 |
||
| 999 |
_c9902 _d9902 |
||